00739cam a22002657a 4500003000500000005001700005008004100022010000900063011000900072035000900081040000900090082001500099110000800114245010100122260002300223300002000246410000800266490003700274650002800311650004300339650003100382700001500413810000800428830003700436CHAP20220817041040.0971013s1990 r 00010 d a5315 a6287 a5507 cCHAP a631.2bF311 aFAO 0aAgricultural engineering in developmentb: design and construction guidelines for village stores aRome :bFAO,c1990 a116 p.b: ilus. aFAO 0aFAO. Servicios agrícolasv; 8214aConstrucciones rurales.14aProductos agrícolasxAlmacenamiento.14aSilosxDiseños y planos.0 aSode, Ove.0 aFAO00aFAO. Servicios agrícolasv; 82